Normal view
MARC view
- Hassan, Shabieh Ul (320710)
Entry Personal Name
001 - CONTROL NUMBER
- control field: 118279
003 - CONTROL NUMBER IDENTIFIER
- control field: NUST
005 - DATE AND TIME OF LATEST TRANSACTION
- control field: 20230928114547.0
008 - FIXED-LENGTH DATA ELEMENTS
- fixed length control field: 230928|| aca||aabn | a|a d
040 ## - CATALOGING SOURCE
- Original cataloging agency: NUST
- Transcribing agency: NUST
100 ## - HEADING--PERSONAL NAME
- Personal name: Hassan, Shabieh Ul (320710)
670 ## - SOURCE DATA FOUND
- Source citation: Work cat.: (NUST)603246: Hassan, Shabieh Ul (320710), A Decision-centric Approach for Techno-economic Optimization and Environmental Assessment of Standalone and Grid-integrated Renewable-powered Electric ehicle Charging Stations under Various Planning Horizons /, 2023
